[Event "45th Olympiad 2024"]
[Site "Budapest HUN"]
[Date "2024.09.12"]
[Round "2.23"]
[Board "3"]
[White "Mastrovasilis, Dimitrios"]
[Black "Escalona Landi, Samid Eduardo"]
[Result "1/2-1/2"]
[WhiteTitle "GM"]
[BlackTitle "FM"]
[WhiteElo "2550"]
[BlackElo "2305"]
[WhiteTeam "Greece"]
[BlackTeam "Venezuela"]
[WhiteFideId "4202694"]
[BlackFideId "3937437"]
[EventDate "2024.09.11"]

1. e4 c5 2. Nf3 d6 3. Bb5+ Nd7 4. a4 Nf6 5. Nc3 g6 6. a5 Bg7 7. O-O a6 8. Be2
O-O 9. Re1 b5 10. axb6 Bb7 11. Bf1 Nxb6 12. d3 a5 13. Bg5 h6 14. Bd2 e5 15. Ne2
a4 16. c4 Ne8 17. Nc3 Bc6 18. b3 Qd7 19. Nd5 Bxd5 20. cxd5 Nc7 21. bxa4 Nxa4 22.
Qc2 Rfb8 23. Reb1 Rxb1 24. Qxb1 Qc8 25. Be2 Rb8 26. Qc1 Nb6 27. Bxh6 Na6 28. h4
c4 29. dxc4 Nc5 30. Bxg7 Kxg7 31. Qe3 Nbd7 32. Nd2 Qh8 33. g3 Nf6 34. Ra2 Rb7
35. Kg2 Qb8 36. g4 Qh8 37. Kg3 Qd8 38. Bd1 Nh7 39. g5 f6 40. gxf6+ Qxf6 41. Bg4
Qf8 42. Kg2 Qd8 43. Qg3 Nf6 44. Bf3 Kh7 45. Ra3 Qf8 46. Qg5 Rf7 47. Qe3 Nfd7 48.
Bg4 Nf6 49. Bf3 Nfd7 50. Ra7 Rf4 51. Nb3 Qb8 52. Ra3 Qd8 53. Nd4 Qf6 54. Ne6
Nxe6 55. dxe6 Qxe6 56. Ra7 Kh6 57. Qd2 Nc5 58. Rc7 Qf6 59. Rc6 Qxh4 60. Qxd6
Qg5+ 61. Kf1 Nxe4 62. Bxe4 Rxe4 63. Qf8+ Kh5 64. Qh8+ Qh6 65. Qxh6+ Kxh6 66. Kg2
Rf4 67. Rc8 Kg5 68. Kg3 Rd4 69. Kf3 Kf5 70. Ke3 Ke6 71. c5 Rc4 72. c6 Kd6 73.
Rg8 Rxc6 74. Rxg6+ Kd5 75. Rxc6 Kxc6 76. Ke4 Kd6 77. f4 Ke6 78. fxe5 Ke7 79. Kd5
Kd7 80. e6+ Ke7 81. Ke5 Ke8 82. Kf6 Kf8 83. e7+ Ke8 84. Ke6 1/2-1/2

[Event "45th Olympiad 2024"]
[Site "Budapest HUN"]
[Date "2024.09.12"]
[Round "2.23"]
[Board "4"]
[White "Castro Torres, Jose Luis"]
[Black "Kelires, Andreas"]
[Result "1-0"]
[WhiteTitle "FM"]
[BlackTitle "GM"]
[WhiteElo "2299"]
[BlackElo "2536"]
[WhiteTeam "Venezuela"]
[BlackTeam "Greece"]
[WhiteFideId "3901831"]
[BlackFideId "5900727"]
[EventDate "2024.09.11"]

1. e4 e5 2. Nf3 Nc6 3. Bb5 a6 4. Bxc6 dxc6 5. Nxe5 Qd4 6. Nf3 Qxe4+ 7. Qe2 Qxe2+
8. Kxe2 Bf5 9. d3 O-O-O 10. Be3 f6 11. h3 Ne7 12. Nc3 h5 13. b4 g5 14. Nd4 Bd7
15. a4 Bg7 16. Kd2 Rde8 17. b5 a5 18. bxc6 Nxc6 19. Ndb5 Ne7 20. Rab1 Nf5 21.
Nd5 Nxe3 22. fxe3 Bxb5 23. Rxb5 b6 24. Rf1 Re6 25. e4 Rd8 26. Ke2 Kb7 27. Ne3
Rd7 28. Rbf5 c6 29. Rb1 Ka6 30. c4 Bf8 31. h4 gxh4 32. Rxh5 Bc5 33. Nf5 Rb7 34.
Rxh4 b5 35. d4 Bb4 36. d5 cxd5 37. axb5+ Kb6 38. cxd5 Re5 39. Nd4 Rg7 40. Kf3
Bc3 41. Ne6 Rf7 42. g4 a4 43. Rh8 f5 44. Rc8 fxe4+ 45. Ke2 Ba5 46. Rc6+ Kb7 47.
b6 Kb8 48. b7 Rxb7 49. Rxb7+ Kxb7 50. Nc5+ Ka7 51. Ra6+ Kb8 52. Rxa5 Kc7 53.
Nxa4 Kd6 54. Nc3 1-0

[Event "45th Olympiad 2024"]
[Site "Budapest HUN"]
[Date "2024.09.12"]
[Round "2.24"]
[Board "1"]
[White "Ashiku, Franc"]
[Black "Cheparinov, Ivan"]
[Result "0-1"]
[WhiteTitle "IM"]
[BlackTitle "GM"]
[WhiteElo "2400"]
[BlackElo "2628"]
[WhiteTeam "Albania"]
[BlackTeam "Bulgaria"]
[WhiteFideId "4700066"]
[BlackFideId "2905540"]
[EventDate "2024.09.11"]

1. d4 Nf6 2. Nf3 e6 3. Bf4 d5 4. e3 c5 5. c3 Nc6 6. Nbd2 Be7 7. h3 Bd6 8. dxc5
Bxc5 9. Bd3 Bd6 10. Bxd6 Qxd6 11. Qc2 O-O 12. e4 h6 13. O-O-O b6 14. Rhe1 Qc7
15. Kb1 Bb7 16. g3 Rfd8 17. exd5 Nxd5 18. Nb3 Nf6 19. Qe2 a6 20. Bc2 Rac8 21.
Rxd8+ Rxd8 22. Nfd4 b5 23. f4 Nxd4 24. cxd4 Bd5 25. Nc5 Qa5 26. Bb3 Qb4 27. Bxd5
Nxd5 28. Nxa6 Qxd4 29. f5 Qb6 0-1

[Event "45th Olympiad 2024"]
[Site "Budapest HUN"]
[Date "2024.09.12"]
[Round "2.24"]
[Board "2"]
[White "Naiditsch, Arkadij"]
[Black "Pasko, Llambi"]
[Result "1/2-1/2"]
[WhiteTitle "GM"]
[BlackTitle "IM"]
[WhiteElo "2643"]
[BlackElo "2396"]
[WhiteTeam "Bulgaria"]
[BlackTeam "Albania"]
[WhiteFideId "4650891"]
[BlackFideId "4701178"]
[EventDate "2024.09.11"]

1. e4 e5 2. Nf3 Nc6 3. Bb5 a6 4. Ba4 Nf6 5. d3 b5 6. Bb3 Bc5 7. Nc3 h6 8. Nd5 d6
9. c3 Rb8 10. O-O O-O 11. d4 Ba7 12. dxe5 Nxe5 13. Nxe5 dxe5 14. Qf3 Nxd5 15.
Bxd5 Qh4 16. a4 Bb6 17. h3 Be6 18. Rd1 Bxd5 19. Rxd5 Rfd8 20. axb5 axb5 21. Be3
Rxd5 22. exd5 Bxe3 23. Qxe3 Qe7 24. Ra5 Qd6 25. Qe4 g6 26. g4 Kg7 27. Kf1 Kg8
28. Ke2 Qc5 29. Ra6 Rd8 30. Rc6 Qxd5 31. Qxd5 Rxd5 32. Rxc7 Kg7 33. b4 Kf6 34.
h4 Ke6 35. Rb7 e4 36. Ke3 Rd3+ 37. Kxe4 Rxc3 38. Rb6+ Kd7 39. Rxb5 Rc4+ 40. Kf3
h5 41. gxh5 gxh5 42. Kg3 Rg4+ 43. Kh3 Ke7 44. f3 Rc4 45. Kg3 Kf6 46. Rb8 Kf5 47.
b5 f6 48. Rh8 Kg6 49. Rd8 Rc5 50. b6 Rb5 51. Rd6 Kf5 52. Kf2 Ke5 53. Rc6 f5 54.
Ke3 Rb3+ 55. Kd2 Kf4 56. Rd6 Kg3 57. Kc2 Rb5 58. Kc3 f4 59. Kc4 Rb1 60. Kc5 Kxf3
61. Rd4 Kg4 62. Rc4 Kxh4 63. Rxf4+ Kg3 64. Rb4 Rc1+ 65. Kd6 Rc8 66. Rb3+ Kg2 67.
Rb2+ Kg3 68. Rb3+ Kg2 69. b7 Rb8 70. Ke5 Kf2 71. Kf4 Ke2 72. Rb2+ Kd3 73. Ke5
Ke3 74. Rb3+ Kf2 75. Kf4 Ke2 76. Re3+ Kf2 77. Re7 h4 78. Kg4 h3 79. Kxh3 Kf3 80.
Kh2 Kf4 81. Kg2 Kf5 82. Kf3 Kf6 83. Rh7 Ke5 84. Ke3 Kd5 85. Kd3 Kc6 86. Kc4 Rxb7
87. Rxb7 Kxb7 1/2-1/2

[Event "45th Olympiad 2024"]
[Site "Budapest HUN"]
[Date "2024.09.12"]
[Round "2.24"]
[Board "3"]
[White "Mehmeti, Dritan"]
[Black "Petkov, Momchil"]
[Result "0-1"]
[WhiteTitle "IM"]
[BlackTitle "GM"]
[WhiteElo "2364"]
[BlackElo "2540"]
[WhiteTeam "Albania"]
[BlackTeam "Bulgaria"]
[WhiteFideId "4700600"]
[BlackFideId "2921642"]
[EventDate "2024.09.11"]

1. d4 Nf6 2. Nf3 g6 3. g3 Bg7 4. Bg2 O-O 5. O-O d6 6. c4 Nbd7 7. Nc3 e5 8. e3 c6
9. b3 e4 10. Nd2 d5 11. cxd5 cxd5 12. a4 Nb8 13. b4 Nc6 14. Ba3 Bg4 15. Qb1 Re8
16. Rc1 Qd7 17. b5 Nd8 18. Rc2 h5 19. Qf1 Ne6 20. Rac1 Ng5 21. h4 Nf3+ 22. Bxf3
exf3 23. Nd1 Bh3 0-1

[Event "45th Olympiad 2024"]
[Site "Budapest HUN"]
[Date "2024.09.12"]
[Round "2.24"]
[Board "4"]
[White "Grigorov, Grigor"]
[Black "Veleshnja, Zino"]
[Result "1-0"]
[WhiteTitle "GM"]
[BlackTitle "FM"]
[WhiteElo "2514"]
[BlackElo "2294"]
[WhiteTeam "Bulgaria"]
[BlackTeam "Albania"]
[WhiteFideId "2907313"]
[BlackFideId "4701313"]
[EventDate "2024.09.11"]

1. Nf3 Nf6 2. g3 e6 3. Bg2 d5 4. c4 dxc4 5. Qa4+ c6 6. Qxc4 b5 7. Qc2 Bb7 8. Nc3
a6 9. a4 Nbd7 10. O-O b4 11. Nb1 Be7 12. a5 O-O 13. d3 c5 14. Nbd2 e5 15. e4 Bc6
16. Nc4 Qc7 17. Bh3 Bb5 18. Be3 Rfd8 19. Nfd2 h5 20. Nb3 Ng4 21. Bd2 Qc6 22. f3
Ngf6 23. Bg5 Bxc4 24. Qxc4 Qb5 25. Qxb5 axb5 26. Rfc1 c4 27. dxc4 Nc5 28. Nxc5
Bxc5+ 29. Kh1 Bd4 30. Rab1 Rxa5 31. c5 Ra7 32. c6 Rc7 33. Bf1 Rb8 34. Bd2 Rb6
35. Bxb4 Rbxc6 36. Rxc6 Rxc6 37. Be1 Nh7 38. h4 g5 39. b4 gxh4 40. gxh4 Rg6 41.
Kh2 Bg1+ 42. Kh3 Bd4 43. Bxb5 Rg1 44. Bd3 Rg6 45. b5 Nf8 46. Bg3 Rf6 47. Kg2 Ng6
48. Bc4 Kg7 49. Bf2 Nf4+ 50. Kf1 Ne6 51. Be2 Nc5 52. b6 Nd7 53. b7 Nb8 54. Rb4
Bxf2 55. Kxf2 Rc6 56. Bc4 f5 57. exf5 Kf6 58. Bd5 Rc2+ 59. Kg3 Rd2 60. Rb6+ Ke7
61. Re6+ Kd7 62. Be4 1-0

[Event "45th Olympiad 2024"]
[Site "Budapest HUN"]
[Date "2024.09.12"]
[Round "2.25"]
[Board "1"]
[White "Kozak, Adam"]
[Black "Greet, Andrew N"]
[Result "1-0"]
[WhiteTitle "GM"]
[BlackTitle "IM"]
[WhiteElo "2609"]
[BlackElo "2405"]
[WhiteTeam "Hungary B"]
[BlackTeam "Scotland"]
[WhiteFideId "753246"]
[BlackFideId "405817"]
[EventDate "2024.09.11"]

1. d4 Nf6 2. c4 e6 3. Nc3 Bb4 4. Qc2 d5 5. a3 Bxc3+ 6. Qxc3 O-O 7. Nf3 dxc4 8.
Qxc4 b6 9. Bg5 c5 10. dxc5 bxc5 11. e4 h6 12. Be3 Ba6 13. Qc2 Bxf1 14. Kxf1 Nbd7
15. g3 Qb6 16. Kg2 Qb7 17. Nd2 Rab8 18. b3 Ng4 19. Rhe1 Rfc8 20. h3 Nxe3+ 21.
Rxe3 Rc6 22. Nc4 Qc7 23. Qc3 Nb6 24. Ne5 Rd6 25. Rc1 Rc8 26. Qe1 f6 27. Nf3 Qb7
28. Rec3 c4 29. e5 Rdc6 30. exf6 cxb3 31. Rxc6 Rxc6 32. f7+ Kf8 33. Qb4+ 1-0

[Event "45th Olympiad 2024"]
[Site "Budapest HUN"]
[Date "2024.09.12"]
[Round "2.25"]
[Board "2"]
[White "Olson, Hamish"]
[Black "Banusz, Tamas"]
[Result "0-1"]
[WhiteTitle "FM"]
[BlackTitle "GM"]
[WhiteElo "2384"]
[BlackElo "2605"]
[WhiteTeam "Scotland"]
[BlackTeam "Hungary B"]
[WhiteFideId "2404257"]
[BlackFideId "722413"]
[EventDate "2024.09.11"]

1. Nf3 Nf6 2. g3 d5 3. Bg2 c6 4. O-O Bg4 5. d4 e6 6. Nbd2 Be7 7. Re1 O-O 8. e4
Bh5 9. c3 h6 10. h4 Nbd7 11. e5 Ne8 12. Bh3 Nc7 13. Nf1 f5 14. N1h2 c5 15. Bf1
cxd4 16. cxd4 Rc8 17. Be2 Na6 18. a3 Qb6 19. Be3 Rfe8 20. Qd2 Bf8 21. Rec1 Nab8
22. g4 fxg4 23. Ne1 Nc6 24. b4 a5 25. b5 Ne7 26. Ng2 Nf5 27. Rxc8 Rxc8 28. Nxg4
Bg6 29. Nf4 Bh7 30. h5 Be7 31. Kh2 Bg5 32. Ng6 Bxe3 33. fxe3 Bxg6 34. hxg6 Qd8
35. Kg2 h5 36. e4 dxe4 0-1

[Event "45th Olympiad 2024"]
[Site "Budapest HUN"]
[Date "2024.09.12"]
[Round "2.26"]
[Board "1"]
[White "Tran, Thanh Tu"]
[Black "Demchenko, Anton"]
[Result "0-1"]
[WhiteTitle "CM"]
[BlackTitle "GM"]
[WhiteElo "2387"]
[BlackElo "2597"]
[WhiteTeam "Japan"]
[BlackTeam "Slovenia"]
[WhiteFideId "12401404"]
[BlackFideId "4160258"]
[EventDate "2024.09.11"]

1. Nf3 Nf6 2. d4 b6 3. Bf4 Bb7 4. h3 g6 5. e3 Bg7 6. Be2 O-O 7. O-O d6 8. c4
Nbd7 9. Nc3 Ne4 10. Nxe4 Bxe4 11. Nd2 Bb7 12. Bf3 Qc8 13. Qc2 e5 14. dxe5 dxe5
15. Bg3 a5 16. Bxb7 Qxb7 17. Qe4 c6 18. Qh4 f5 19. Nf3 Rae8 20. Rab1 Nc5 21. b4
axb4 22. Rxb4 h5 23. Qg5 Qf7 24. Nxe5 Bxe5 25. Bxe5 Rxe5 26. Rxb6 Ne4 27. Qf4
Re6 28. Rb8 Rxb8 29. Qxb8+ Re8 30. Qb4 f4 31. exf4 Qxf4 32. Qb6 Qf6 33. a4 c5
34. Qb5 Rf8 35. Qb7 Ng3 36. Qd5+ Kh7 37. Rb1 Qxf2+ 38. Kh2 Qf4 39. Kg1 h4 40.
Qb7+ Rf7 41. Qb6 Qe3+ 42. Kh2 Rf1 0-1

[Event "45th Olympiad 2024"]
[Site "Budapest HUN"]
[Date "2024.09.12"]
[Round "2.26"]
[Board "2"]
[White "Subelj, Jan"]
[Black "Nanjo, Ryosuke"]
[Result "1-0"]
[WhiteTitle "GM"]
[BlackTitle "IM"]
[WhiteElo "2498"]
[BlackElo "2372"]
[WhiteTeam "Slovenia"]
[BlackTeam "Japan"]
[WhiteFideId "14618583"]
[BlackFideId "7000634"]
[EventDate "2024.09.11"]

1. e4 c5 2. Nf3 d6 3. d4 cxd4 4. Nxd4 Nf6 5. Nc3 a6 6. Bg5 e6 7. f4 h6 8. Bh4
Qb6 9. a3 Be7 10. Bf2 Qc7 11. Qf3 b5 12. g4 g6 13. f5 gxf5 14. gxf5 e5 15. Nb3
Bb7 16. a4 b4 17. Nd5 Nxd5 18. exd5 Nd7 19. O-O-O Rc8 20. Qe2 Nf6 21. Bg2 Qd7
22. Kb1 Qxa4 23. Nc5 dxc5 24. d6 Bxg2 25. Qxe5 Qd7 26. Rhe1 Be4 27. Rxe4 Nxe4
28. Qxh8+ Bf8 29. Qe5+ Kd8 30. Bh4+ Ng5 31. Bxg5+ hxg5 32. Qf6+ 1-0

[Event "45th Olympiad 2024"]
[Site "Budapest HUN"]
[Date "2024.09.12"]
[Round "2.26"]
[Board "3"]
[White "Aoshima, Mirai"]
[Black "Sebenik, Matej"]
[Result "0-1"]
[WhiteTitle "FM"]
[BlackTitle "GM"]
[WhiteElo "2385"]
[BlackElo "2515"]
[WhiteTeam "Japan"]
[BlackTeam "Slovenia"]
[WhiteFideId "7002386"]
[BlackFideId "14602296"]
[EventDate "2024.09.11"]

1. d4 Nf6 2. c4 e6 3. Nf3 d5 4. Nc3 Bb4 5. Qa4+ Nc6 6. e3 O-O 7. Qc2 Re8 8. Bd2
a6 9. a3 Bd6 10. c5 Bf8 11. Bd3 e5 12. dxe5 Nxe5 13. Nxe5 Rxe5 14. f4 Re8 15. b4
d4 16. Ne2 dxe3 17. Bc3 Qe7 18. O-O-O a5 19. Kb1 axb4 20. Bxb4 c6 21. Rhe1 g6
22. f5 Bg7 23. Nc3 b6 24. fxg6 hxg6 25. Na4 Nd5 26. Nxb6 Nxb6 27. cxb6 Qxb4+ 0-1

[Event "45th Olympiad 2024"]
[Site "Budapest HUN"]
[Date "2024.09.12"]
[Round "2.26"]
[Board "4"]
[White "Lavrencic, Matic"]
[Black "Kojima, Shinya"]
[Result "1-0"]
[WhiteTitle "FM"]
[BlackTitle "IM"]
[WhiteElo "2360"]
[BlackElo "2299"]
[WhiteTeam "Slovenia"]
[BlackTeam "Japan"]
[WhiteFideId "14637847"]
[BlackFideId "7000812"]
[EventDate "2024.09.11"]

1. e4 c6 2. d4 d5 3. e5 Bf5 4. Nf3 e6 5. Be2 Nd7 6. Nbd2 a5 7. a4 h6 8. O-O Ne7
9. Nb3 Qc7 10. Bd2 g5 11. Rc1 Bg7 12. c4 O-O 13. Qe1 b6 14. cxd5 Nxd5 15. h4
gxh4 16. Nxh4 Bh7 17. f4 Rae8 18. f5 exf5 19. Nxf5 Bxf5 20. Rxf5 f6 21. Bc4 Qd8
22. e6 Nb8 23. Qe4 Qd6 24. Re1 Ne7 25. Qg4 Nxf5 26. e7+ Rf7 27. Bxf7+ Kxf7 28.
Qh5+ 1-0

[Event "45th Olympiad 2024"]
[Site "Budapest HUN"]
[Date "2024.09.12"]
[Round "2.27"]
[Board "1"]
[White "Brkic, Ante"]
[Black "Zhakshylykov, Erzhan"]
[Result "1-0"]
[WhiteTitle "GM"]
[BlackTitle "IM"]
[WhiteElo "2642"]
[BlackElo "2327"]
[WhiteTeam "Croatia"]
[BlackTeam "Kyrgyzstan"]
[WhiteFideId "14506688"]
[BlackFideId "13804111"]
[EventDate "2024.09.11"]

1. e4 e5 2. Nf3 Nc6 3. Bb5 a6 4. Ba4 Nf6 5. O-O Be7 6. Re1 b5 7. Bb3 d6 8. c3
O-O 9. h3 Nb8 10. d4 Nbd7 11. c4 b4 12. c5 Bb7 13. Qc2 exd4 14. c6 d3 15. Qc4
Nb6 16. cxb7 Nxc4 17. bxa8=Q Qxa8 18. Bxc4 Nxe4 19. Nbd2 d5 20. Bxd5 Qxd5 21.
Rxe4 Bf6 22. Rxb4 Re8 23. Rc4 Re2 24. a4 Qe6 25. Ra3 Qb6 26. Ne4 Be7 27. Rxd3 f5
28. Be3 Rxe3 29. Rxe3 fxe4 30. Rcxe4 Bf6 31. b3 h6 32. g4 Qc5 33. Kg2 Qd5 34. h4
Kh7 35. g5 hxg5 36. hxg5 Bb2 37. Re6 Qf5 38. R3e4 Ba3 39. g6+ Kg8 40. b4 1-0

[Event "45th Olympiad 2024"]
[Site "Budapest HUN"]
[Date "2024.09.12"]
[Round "2.27"]
[Board "2"]
[White "Khoroshev, Nikita"]
[Black "Martinovic, Sasa"]
[Result "1/2-1/2"]
[WhiteTitle "IM"]
[BlackTitle "GM"]
[WhiteElo "2355"]
[BlackElo "2563"]
[WhiteTeam "Kyrgyzstan"]
[BlackTeam "Croatia"]
[WhiteFideId "14200287"]
[BlackFideId "14509792"]
[EventDate "2024.09.11"]

1. d4 Nf6 2. Bf4 d5 3. e3 c5 4. c3 Nc6 5. Nd2 Bf5 6. Qb3 Qd7 7. Ngf3 c4 8. Qd1
e6 9. Be2 b5 10. Nh4 Bd6 11. O-O Bxf4 12. exf4 O-O 13. Re1 b4 14. Qc1 Rfc8 15.
Bd1 Qd6 16. Nxf5 exf5 17. Nf3 Rab8 18. Ne5 g6 19. f3 Rc7 20. Bc2 Ne7 21. g4 Ne8
22. g5 Ng7 23. Kh1 Nh5 24. Ba4 Rbb7 25. Qe3 Kf8 26. cxb4 Rxb4 27. b3 Ng7 28.
Rac1 Ne6 29. a3 Rbb7 30. bxc4 dxc4 31. Rxc4 Rxc4 32. Nxc4 Qxd4 33. Qxd4 Nxd4 34.
Rd1 Ne6 35. h4 Rc7 36. Ne5 Kg7 1/2-1/2

[Event "45th Olympiad 2024"]
[Site "Budapest HUN"]
[Date "2024.09.12"]
[Round "2.27"]
[Board "3"]
[White "Livaic, Leon"]
[Black "Orozbaev, Eldiyar"]
[Result "1/2-1/2"]
[WhiteTitle "GM"]
[BlackTitle "FM"]
[WhiteElo "2550"]
[BlackElo "2376"]
[WhiteTeam "Croatia"]
[BlackTeam "Kyrgyzstan"]
[WhiteFideId "14531534"]
[BlackFideId "13802240"]
[EventDate "2024.09.11"]

1. Nf3 d5 2. g3 Bg4 3. Bg2 e6 4. h3 Bh5 5. c4 c6 6. O-O Nf6 7. d4 Nbd7 8. cxd5
exd5 9. Ne5 Nxe5 10. dxe5 Nd7 11. Nc3 Nxe5 12. g4 Bg6 13. f4 Bc5+ 14. e3 Nc4 15.
f5 Qe7 16. Kh1 O-O-O 17. e4 d4 18. Na4 Ne3 19. Bxe3 dxe3 20. Qf3 Bd4 21. Nc3 f6
22. fxg6 hxg6 23. Rae1 Bb6 24. Rxe3 Bxe3 25. Qxe3 Kb8 26. Ne2 Qb4 27. b3 g5 28.
Ng3 Qd2 29. Qxd2 Rxd2 30. e5 Rxa2 31. exf6 gxf6 32. Rxf6 Rb2 33. Rf3 Re8 34. Ne4
Rg8 35. Kh2 a5 36. Kg3 Kc7 37. Nc5 b6 38. Na4 Rb1 39. Nc3 Re1 40. Rf7+ Kd6 41.
Rf6+ Re6 42. Rxe6+ Kxe6 43. Bxc6 Ke5 44. Bb5 Rh8 45. Bc4 Kd4 46. Nb5+ Kc5 47.
Nc3 Rh6 48. Ne4+ Kd4 49. Nxg5 a4 50. bxa4 Kxc4 51. h4 Kd5 52. h5 Rc6 53. Kf4
Rf6+ 54. Ke3 Rf8 55. Nf3 Ra8 56. g5 Ke6 57. Nd4+ Kf7 58. Ke4 Rxa4 59. Kd5 Ra5+
60. Kc6 Rxg5 1/2-1/2

[Event "45th Olympiad 2024"]
[Site "Budapest HUN"]
[Date "2024.09.12"]
[Round "2.27"]
[Board "4"]
[White "Abdyzhapar, Asylbek"]
[Black "Stevic, Hrvoje"]
[Result "0-1"]
[WhiteTitle "IM"]
[BlackTitle "GM"]
[WhiteElo "2357"]
[BlackElo "2531"]
[WhiteTeam "Kyrgyzstan"]
[BlackTeam "Croatia"]
[WhiteFideId "13800337"]
[BlackFideId "14502569"]
[EventDate "2024.09.11"]

1. d4 d5 2. c4 c6 3. Nf3 Nf6 4. Nc3 dxc4 5. a4 Bf5 6. Ne5 Nbd7 7. Nxc4 Nb6 8.
Ne5 a5 9. e3 Nbd7 10. Bd3 Bxd3 11. Nxd3 Qb6 12. O-O e6 13. Bd2 Be7 14. Rb1 O-O
15. b4 axb4 16. Nxb4 Bxb4 17. Na2 c5 18. dxc5 Nxc5 19. Bxb4 Rfc8 20. Nc3 Qa6 21.
Nb5 Nxa4 22. Bd6 Ne8 23. Be7 Nc3 24. Nxc3 Rxc3 25. Qd4 Rc4 26. Qb2 Rb8 27. Qe5
Rbc8 28. h3 h6 29. Rfd1 Qc6 30. Qb2 Rc7 31. Ba3 Nf6 32. Bd6 Rd7 33. Be5 Rc2 34.
Qa3 Ne4 35. Qa8+ Kh7 36. Rxd7 Qxd7 37. Qxb7 Qxb7 38. Rxb7 f6 39. Bg3 e5 40. h4
Re2 41. Rb3 Kg6 42. Ra3 h5 43. Kf1 Rb2 44. Ra7 Rb1+ 45. Ke2 Rg1 46. Kf3 Kf5 47.
Rxg7 Re1 48. Bh2 Nd2+ 49. Kg3 Rh1 50. f3 Nf1+ 51. Kf2 Nxh2 52. e4+ Ke6 53. Rh7
Ra1 54. Rxh5 Nf1 55. Rh8 Nd2 56. h5 Nc4 57. h6 Nd6 58. g4 Nf7 59. Re8+ Kd7 60.
Rb8 Rh1 61. Rb7+ Ke6 62. Rb6+ Nd6 63. Kg3 Rxh6 64. f4 exf4+ 65. Kxf4 Rh1 66. Ra6
Rf1+ 67. Ke3 Rc1 68. Kf4 Rc5 69. Rb6 Re5 70. Kf3 Ke7 71. Rb4 Kf7 72. Rd4 Ne8 73.
Rd7+ Kg6 74. Rd8 Ng7 75. Rg8 Kf7 76. Ra8 Ne6 77. Ra4 Kg6 78. Rb4 Nc5 79. Rb5 Ne6
80. Rb4 Ra5 81. Rb6 Ng5+ 82. Ke3 Ra3+ 83. Kd4 Ra4+ 0-1

[Event "45th Olympiad 2024"]
[Site "Budapest HUN"]
[Date "2024.09.12"]
[Round "2.28"]
[Board "1"]
[White "Saraci, Nderim"]
[Black "Vocaturo, Daniele"]
[Result "1/2-1/2"]
[WhiteTitle "IM"]
[BlackTitle "GM"]
[WhiteElo "2446"]
[BlackElo "2600"]
[WhiteTeam "Kosovo"]
[BlackTeam "Italy"]
[WhiteFideId "6351921"]
[BlackFideId "813192"]
[EventDate "2024.09.11"]

1. e4 c5 2. Nf3 e6 3. d4 cxd4 4. Nxd4 Nf6 5. Nc3 Nc6 6. Ndb5 Bc5 7. Bf4 O-O 8.
Bc7 Qe7 9. Bd6 Bxd6 10. Qxd6 Qd8 11. Qc7 d5 12. exd5 exd5 13. O-O-O d4 14. Bc4
a6 15. Qxd8 Rxd8 16. Nc7 Rb8 17. N3d5 Nxd5 18. Nxd5 Bg4 19. f3 Be6 20. Nb6 Bxc4
21. Nxc4 b5 22. Nd2 Rbc8 23. a3 a5 24. Kb1 a4 25. Ne4 Ne5 26. Ng3 d3 27. cxd3
Nxd3 28. Ne4 f6 29. Nc3 b4 30. axb4 a3 1/2-1/2

[Event "45th Olympiad 2024"]
[Site "Budapest HUN"]
[Date "2024.09.12"]
[Round "2.28"]
[Board "2"]
[White "Moroni, Luca Jr"]
[Black "Ondozi, Murtez"]
[Result "1-0"]
[WhiteTitle "GM"]
[BlackTitle "FM"]
[WhiteElo "2558"]
[BlackElo "2371"]
[WhiteTeam "Italy"]
[BlackTeam "Kosovo"]
[WhiteFideId "865834"]
[BlackFideId "937576"]
[EventDate "2024.09.11"]

1. c4 c6 2. Nc3 d5 3. d4 Nf6 4. Nf3 e6 5. Bg5 Be7 6. e3 h6 7. Bf4 O-O 8. Rc1
Nbd7 9. cxd5 exd5 10. h3 Re8 11. Bd3 Bb4 12. a3 Ba5 13. O-O Ne4 14. b4 Nxc3 15.
Rxc3 Bc7 16. Bxc7 Qxc7 17. b5 c5 18. dxc5 Nxc5 19. Bb1 Qd6 20. Qd4 b6 21. Rd1
Bb7 22. e4 Rad8 23. e5 Qe7 24. Re3 g6 25. Qf4 Ne6 26. Qxh6 d4 27. Rb3 Bd5 28.
Rb4 Bxf3 29. gxf3 Qf8 30. Qh4 Qg7 31. f4 g5 32. fxg5 Qxe5 33. Rb3 Kf8 34. g6 d3
35. Rbxd3 Rxd3 36. Bxd3 fxg6 37. Bxg6 Re7 38. Kh1 Rc7 39. Be4 Rf7 40. Bg6 Rc7
41. a4 Re7 42. Rd3 Rc7 43. Rf3+ Kg8 44. Rg3 Rg7 45. Qe4 Qa1+ 46. Kh2 Qf6 47. Qf5
Qe7 48. Qe5 Nf8 49. Qd5+ Kh8 50. Qd4 Ne6 51. Qe5 Nf8 52. Qc3 Qc7 53. Be4 Qxc3
54. Rxc3 Re7 55. Bd5 Rd7 56. Bf3 Ng6 57. Be4 Ne5 58. f3 Kg7 59. Kg3 Kf6 60. f4
Nf7 61. Rc6+ Ke7 62. h4 Rd4 63. Bc2 Nd8 64. Rc7+ Kd6 65. Rxa7 Rc4 66. Bf5 Ne6
67. Bxe6 Kxe6 68. Kg4 Rc1 69. Rb7 Rg1+ 70. Kf3 Ra1 71. Rxb6+ Kf5 72. Ra6 Ra3+
73. Ke2 Kxf4 74. Kd2 Ke4 75. Kc2 Rh3 76. Rc6 Kd5 77. Rc3 Rxh4 78. Kb3 Kd6 79.
Rc4 1-0

[Event "45th Olympiad 2024"]
[Site "Budapest HUN"]
[Date "2024.09.12"]
[Round "2.28"]
[Board "3"]
[White "Uruci, Endrit"]
[Black "Sonis, Francesco"]
[Result "1-0"]
[WhiteTitle "FM"]
[BlackTitle "GM"]
[WhiteElo "2348"]
[BlackElo "2554"]
[WhiteTeam "Kosovo"]
[BlackTeam "Italy"]
[WhiteFideId "22100199"]
[BlackFideId "895733"]
[EventDate "2024.09.11"]

1. e4 c5 2. Nf3 d6 3. Bb5+ Nd7 4. d4 cxd4 5. Qxd4 a6 6. Bxd7+ Bxd7 7. Bg5 Bc6 8.
Nc3 h6 9. Bh4 Nf6 10. O-O-O e5 11. Qd3 g5 12. Bg3 b5 13. a3 Qb8 14. Rhe1 Be7 15.
Nd5 Bxd5 16. exd5 Nd7 17. Qf5 Qc8 18. Nd4 Nc5 19. Bxe5 O-O 20. Qxc8 Raxc8 21.
Nf5 Rfe8 22. Bd4 Bf8 23. Rxe8 Rxe8 24. Bxc5 dxc5 25. d6 Rd8 26. Rd5 Kh7 27. Kd2
Kg6 28. Kd3 Kf6 29. Rxc5 Bxd6 30. Rd5 Bc7 31. Rxd8 Bxd8 32. Nxh6 Kg6 33. Ng4 f5
34. Ne5+ Kf6 35. Nd7+ Ke7 36. Nc5 a5 37. Kd4 Bc7 38. h3 Kd6 39. b4 axb4 40. axb4
Bb6 41. g3 Kc6 42. h4 gxh4 43. gxh4 Bd8 44. h5 Bf6+ 45. Kd3 1-0

[Event "45th Olympiad 2024"]
[Site "Budapest HUN"]
[Date "2024.09.12"]
[Round "2.28"]
[Board "4"]
[White "Brunello, Sabino"]
[Black "Asllani, Muhamet"]
[Result "1-0"]
[WhiteTitle "GM"]
[WhiteElo "2511"]
[BlackElo "2191"]
[WhiteTeam "Italy"]
[BlackTeam "Kosovo"]
[WhiteFideId "813613"]
[BlackFideId "22100300"]
[EventDate "2024.09.11"]

1. d4 Nf6 2. c4 e6 3. Nf3 d5 4. Nc3 Be7 5. Bf4 O-O 6. e3 c5 7. Rc1 cxd4 8. Nxd4
a6 9. a3 Nc6 10. cxd5 exd5 11. Be2 Nxd4 12. Qxd4 Be6 13. O-O Rc8 14. Rfd1 Qa5
15. h3 h6 16. Qa7 Ne4 17. Be5 Bd6 18. Bd4 Nxc3 19. Bxc3 Qc7 20. Qd4 f6 21. Bg4
f5 22. Bf3 Rfd8 23. g3 Bf8 24. Kg2 Qf7 25. h4 Be7 26. Qb6 Bc5 27. Qa5 f4 28.
exf4 Qf5 29. Rh1 d4 30. Bb4 Bd5 31. Rxc5 Bxf3+ 32. Kxf3 Qd3+ 33. Kg2 Qe4+ 34.
Kh2 Qe2 35. Rxc8 Qxf2+ 36. Kh3 Rxc8 37. Qd5+ Kh8 38. Re1 b6 39. Qd7 Qc2 40. Qxd4
Qf5+ 41. g4 Qf7 42. h5 1-0